تحميل...
Teaching physics/ an insoluble task:proceedings/
| المؤلف الرئيسي: | |
|---|---|
| التنسيق: | Printed Book |
| منشور في: |
Cambridge
MIT
1971
|
| الموضوعات: |
| LEADER | 00488 a2200121 4500 | ||
|---|---|---|---|
| 082 | |a 530 BRO/T | ||
| 100 | |q Brown Sanborn C | ||
| 245 | |a Teaching physics/ |c ed by Sanborn C Brown...et al |b an insoluble task:proceedings/ | ||
| 260 | |a Cambridge |b MIT |c 1971 | ||
| 600 | |q Sanchez Mariana |t Introductory statistical mechanics/ | ||
| 942 | |c BK | ||
| 999 | |c 167955 |d 167955 | ||
| 952 | |0 0 |1 0 |2 ddc |4 0 |6 530_000000000000000_BRO_T |7 0 |9 185841 |a PHY |b PHY |c ST1 |d 2010-07-27 |i 1121 |l 0 |o 530 BRO/T |p PHY1121 |r 2010-07-27 |w 2010-07-27 |y BK | ||